Fragmentos de una tarde

Gespeichert in:
Bibliographische Detailangaben
1. Verfasser: Carreño Montás, María Victoria
Format: Buch
Sprache:Undetermined
Veröffentlicht: Santo Domingo, República Dominicana Editorial Cocolo 2004
Schlagworte:
Tags: Tag hinzufügen
Keine Tags, Fügen Sie den ersten Tag hinzu!

MARC

LEADER 00000nam a2200000Ia 4500
008 170316s9999 xx 000 0 und d
040 |a cru BVZT 
090 |a 860 C-19c 
100 |a Carreño Montás, María Victoria 
245 |a Fragmentos de una tarde 
260 |a Santo Domingo, República Dominicana 
260 |b Editorial Cocolo 
260 |c 2004 
300 |a 106 páginas 
650 |a LITERATURA LATINOAMERICANA 
650 |a POESÍA 
999 |c 8506  |d 8506 
942 |c 15 D  |h 860 C-19c  |2 z